[Event "6th Vergani Cup January 2022"]
[Site "Cattolica"]
[Date "2022.01.05"]
[Round "5.5"]
[White "Prraneeth Vuppala"]
[Black "Niemann, Hans Moke"]
[Result "1-0"]
[WhiteElo "2377"]
[BlackElo "2645"]
[Annotator "TA"]
[PlyCount "71"]
[EventDate "2022.01.02"]
[EventType "swiss"]
[EventCountry "ITA"]
[SourceTitle "playchess.com"]
[Source "ChessBase"]
[SourceQuality "1"]

{[%evp 14,71,21,14,18,16,29,21,42,38,52,36,82,67,57,39,56,31,40,21,55,23,35,0,0,0,14,18,10,12,7,12,15,11,88,81,89,90,154,151,145,148,297,289,343,130,127,130,372,316,533,531,893,892,878,864,864,835,774,733]} 1. e4 e5 2. Nf3 Nc6 3. Bb5 a6 4. Ba4 Nf6 5. O-O Be7 6. d3 b5 7. Bb3 d6 8. c3 {[%cal Bc2c3,Bc3d4][%mdl 32]} Na5 {C84: Closed Ruy Lopez: Unusual White 6th moves.} 9. Bc2 c5 10. h3 Nc6 {The position is equal.} 11. d4 cxd4 12. cxd4 Bb7 (12... O-O $14 {deserves consideration.}) 13. Nc3 $16 Rc8 14. Be3 O-O 15. Rc1 {[#]} (15. d5 $5 {[%cal Rd5c6]} Na5 16. Nd2 $14) 15... exd4 $146 ({Predecessor:} 15... Re8 16. d5 Na5 17. Nd2 Nd7 18. Bb1 Bg5 19. Bxg5 Qxg5 20. b3 b4 21. Nf3 Qd8 22. Ne2 Rxc1 23. Nxc1 Nc5 {½-½ (45) Byrne,S (2280)-Curtis,R (2125) Melbourne 1998}) 16. Nxd4 Nxd4 17. Bxd4 b4 18. Nd5 Nxd5 19. exd5 Bf6 20. Qd3 {[%csl Gc2][%cal Rd3h7]} g6 21. Ba4 Rxc1 22. Rxc1 Bg5 23. Rd1 $36 {[%mdl 2048] White has the initiative.} a5 (23... Bxd5 $11 24. Qxa6 Qa8 25. Qxa8 Rxa8) 24. Qb5 $1 {White is much more active.} Qa8 25. Bb6 Bd8 ({Black should try} 25... Bf6) 26. Bxd8 $1 Rxd8 27. Qb6 $1 Rc8 (27... h6 $16 {keeps fighting.} 28. Rd3 (28. Bc6 Bxc6 29. Qxc6 Qa7 $11) 28... Kg7) 28. Qxd6 $18 Rd8 {[#]} 29. Qf6 (29. Qe7 $1 $18 {is the precise move to win.}) 29... Rxd5 $16 30. Re1 Rd8 {To avoid Be8} (30... Rf5 $16 31. Qd6 Be4) 31. Bb3 Rf8 {[#]} (31... Rd7 32. h4 Bxg2) 32. Rd1 $1 $18 {Rd7 is the strong threat. White is clearly winning.} Qe8 {[#] Prevents Rd7.} 33. Rd8 $1 {[%mdl 512]} Qxd8 {[#]} 34. Bxf7+ $1 {[%mdl 576] Deflection} Rxf7 35. Qxd8+ Kg7 36. Qxa5 {Weighted Error Value: White=0.14 (very precise) /Black=0.46} 1-0

[Event "6th Vergani Cup January 2022"]
[Site "Cattolica"]
[Date "2022.01.05"]
[Round "5.6"]
[White "Ioannidis, Evgenios"]
[Black "Short, Nigel D"]
[Result "1/2-1/2"]
[WhiteElo "2454"]
[BlackElo "2633"]
[Annotator "TA"]
[PlyCount "82"]
[EventDate "2022.01.02"]
[EventType "swiss"]
[EventCountry "ITA"]
[SourceTitle "playchess.com"]
[Source "ChessBase"]
[SourceQuality "1"]

{[%evp 17,82,31,30,22,35,19,28,7,15,8,9,15,13,15,9,0,0,0,18,7,14,9,20,15,20,16,12,9,8,11,8,8,8,9,9,8,8,8,9,0,0,0,0,0,0,0,0,0,0,0,0,0,0,0,0,0,0,0,0,0,0,0,0,0,0,0,0]} 1. d4 d5 2. c4 e6 3. Nc3 Nf6 4. Nf3 a6 5. cxd5 exd5 6. Bg5 Be7 7. e3 O-O 8. Bd3 Be6 9. O-O Nbd7 10. Rc1 {D35: Queen's Gambit Declined: Exchange Variation.} Rc8 {[#]} 11. Bb1 $146 ({Predecessor:} 11. Ne2 h6 12. Bh4 Bg4 13. Nc3 Nb6 14. h3 Be6 15. Ne5 Nfd7 16. Bxe7 Qxe7 17. f4 Nxe5 18. fxe5 {1-0 (53) Corbu,G (1263)-Stingu,A (1333) Calimanesti 2018}) 11... c6 12. a3 {White has an edge.} Re8 {The position is equal.} 13. h3 Nh5 14. Bxe7 Qxe7 15. g4 Nhf6 16. Ne5 Nxe5 17. dxe5 Ne4 18. Nxe4 dxe4 19. Bxe4 Rcd8 20. Qe2 h5 21. f4 Qh4 $1 {[%csl LRg4,LRh3]} 22. Bf3 Qxh3 {[%cal Rh5g4]} 23. gxh5 f6 $1 24. exf6 gxf6 25. Qg2+ Kh8 $1 26. Qxh3 ({Don't go for} 26. Qg6 $2 Rg8 27. Rc2 Rxg6+ $19) 26... Bxh3 27. Rfd1 Rxd1+ 28. Rxd1 {[#] Hoping for e4.} Rxe3 $11 {[%mdl 4096] Endgame KRB-KRB} 29. Kf2 Rb3 30. Rd2 Bf5 31. Bd1 Rh3 32. Bf3 Rh2+ 33. Ke3 Rxd2 34. Kxd2 {[#] Black must now prevent b4. KB-KB} a5 35. Kc3 {aiming for Kc4.} Bd7 $1 36. Kd4 {Kc5 is the strong threat.} b6 37. b4 axb4 38. axb4 Kg7 39. Bd1 Kh6 40. Be2 Be8 41. Bf3 Bd7 {An interesting draw.  Weighted Error Value: White=0.02 (flawless) /Black=0.02 (flawless)} 1/2-1/2

[Event "6th Vergani Cup January 2022"]
[Site "Cattolica"]
[Date "2022.01.05"]
[Round "5.7"]
[White "Pasti, Aron"]
[Black "Lagarde, Maxime"]
[Result "0-1"]
[WhiteElo "2377"]
[BlackElo "2638"]
[Annotator "TA"]
[PlyCount "96"]
[EventDate "2022.01.02"]
[EventType "swiss"]
[EventCountry "ITA"]
[SourceTitle "playchess.com"]
[Source "ChessBase"]
[SourceQuality "1"]

{[%evp 20,96,47,31,52,46,50,43,22,22,61,56,54,13,38,16,1,14,28,0,0,0,8,0,36,16,13,0,-19,-21,0,0,0,0,41,8,8,8,5,0,-5,-42,-41,-75,-52,-141,-118,-134,-129,-122,-127,-242,-252,-252,-249,-240,-241,-241,-233,-370,-364,-344,-330,-372,-363,-418,-405,-611,-600,-600,-579,-4134,-4093,-29981,-29982,-29993,-29994,-29996,-29997]} 1. e4 c5 2. Nf3 Nc6 3. d4 cxd4 4. Nxd4 Nf6 5. Nc3 e5 6. Ndb5 d6 7. Nd5 Nxd5 8. exd5 Ne7 9. c4 Ng6 10. Qa4 Bd7 11. Qb4 $1 Qb8 {B33: Sicilian: Pelikan and Sveshnikov Variations.} 12. h4 {aiming for h5.} h5 13. Be2 a6 {White is slightly better.} 14. Nc3 Be7 15. g3 b5 {[#]} 16. a4 $146 (16. cxb5 $14 {is superior.} axb5 17. O-O (17. Nxb5 O-O $16)) ({Predecessor:} 16. cxb5 axb5 17. Nxb5 O-O 18. a4 f5 19. Bxh5 Bxb5 20. Bxg6 Bd8 21. Bd2 Qb7 22. Qb3 Qb6 23. Qc3 Qb7 24. Qb3 Qb6 25. Qc3 Qb7 {½-½ (25) Arjun,K (2503)-Ivic,V (2571) Riga 2021}) 16... bxc4 $11 17. Qxb8+ Rxb8 18. Bxc4 Bc8 19. a5 f5 {[%cal Bf7f5,Bf5f4][%mdl 32]} 20. Rb1 Rb4 21. b3 e4 $1 22. Ba3 Rb8 23. Na4 f4 24. Nb6 Bg4 25. Bxa6 O-O 26. Be2 Ne5 (26... fxg3 $11 {was preferrable.} 27. fxg3 Bxe2 28. Kxe2 Rf3) 27. gxf4 Nd3+ 28. Bxd3 exd3 29. Bc1 {[#] Be3 is the strong threat.} Bf6 {Threatens to win with ...Bc3+.} 30. Kd2 {Prevents Bc3+. Strongly threatening Ba3.} Bd4 $1 31. f3 (31. Kxd3 $2 Bxb6 32. axb6 Bf5+ 33. Kd4 Bxb1 $19) 31... Bxf3 32. Rh3 {White is on the road to losing.} (32. Re1 $1 $15 Rxf4 33. Rf1) 32... Bg4 {Dancing on a razor blade. Black is much more active. This bishop pair is nice.} (32... Rxf4 33. Kxd3 Bxb6 34. Bxf4 $18) 33. Rxd3 Bxb6 (33... Rxf4 34. Rxd4 Rxd4+ 35. Kc3 $15) 34. axb6 Bf5 ({Don't play} 34... Rxb6 $6 35. Rd4 $11) 35. Bb2 (35. b4 $17 {was necessary.}) 35... Bxd3 $19 ({Inferior is} 35... Rxb6 36. Rg1 g6 37. Re3 $11) 36. Kxd3 Rxb6 {[%mdl 4096] Endgame KRR-KRB} ({Not} 36... Rxf4 37. Bd4 $17) 37. Bd4 Rb7 38. Be3 Rfb8 39. Kc4 (39. Kc3 {was called for.}) 39... Rb4+ 40. Kc3 Kf7 41. Bd4 Kg6 42. Rg1+ Kf5 43. Bxg7 (43. Rb1 $142) 43... Rxb3+ 44. Kc2 R3b5 45. Rg5+ Ke4 46. Rxh5 Rc8+ {Black mates.} 47. Kd2 Rbc5 48. Rg5 Rc1 {Weighted Error Value: White=0.63/Black=0.05 (flawless)} 0-1

[Event "6th Vergani Cup January 2022"]
[Site "Cattolica"]
[Date "2022.01.05"]
[Round "5.8"]
[White "Gilevych, Artem"]
[Black "Arjun Kalyan"]
[Result "1/2-1/2"]
[WhiteElo "2407"]
[BlackElo "2537"]
[Annotator "TA"]
[PlyCount "35"]
[EventDate "2022.01.02"]
[EventType "swiss"]
[EventCountry "ITA"]
[SourceTitle "playchess.com"]
[Source "ChessBase"]
[SourceQuality "1"]

{[%evp 22,35,15,18,19,18,16,16,27,25,35,0,37,21,28,36]} 1. d4 Nf6 2. c4 e6 3. Nf3 d5 4. Nc3 c6 5. e3 Nbd7 6. Qc2 Bd6 7. Bd3 O-O 8. O-O dxc4 9. Bxc4 b5 10. Be2 Bb7 11. Rd1 Qc7 12. e4 {[#] Black must now prevent e5.} e5 {D46: Semi-Slav: 5 e3 Nbd7 6 Bd3, Black avoids the Meran.} 13. Bg5 exd4 14. Rxd4 Ne5 15. Bxf6 gxf6 16. Nh4 {[#]} Bc5 $146 (16... Ng6 $5 {[%cal Rd6h2]}) ({Predecessor:} 16... Ng6 17. Nf3 b4 18. Rad1 Rad8 19. Na4 c5 20. R4d2 Be7 21. Nd4 Qf4 22. Nf5 Bxe4 23. Nxe7+ Nxe7 {0-1 (42) Khusenkhojaev,M (2455)-Korneev,O (2551) Pavlodar 2018}) 17. Rd2 Rad8 18. Nf5 {Weighted Error Value: White=0.10 (very precise) /Black=0.07 (flawless)} 1/2-1/2

[Event "6th Vergani Cup January 2022"]
[Site "Cattolica"]
[Date "2022.01.05"]
[Round "5.9"]
[White "Martinovici, Ilia"]
[Black "Dvirnyy, Danyyil"]
[Result "1/2-1/2"]
[WhiteElo "2395"]
[BlackElo "2492"]
[Annotator "TA"]
[PlyCount "30"]
[EventDate "2022.01.02"]
[EventType "swiss"]
[EventCountry "ITA"]
[SourceTitle "playchess.com"]
[Source "ChessBase"]
[SourceQuality "1"]

{[%evp 15,30,10,0,6,16,18,16,14,29,23,32,40,44,39,32,28,46]} 1. d4 Nf6 2. c4 e6 3. Nc3 Bb4 4. Qc2 O-O 5. a3 Bxc3+ 6. Qxc3 d5 7. Nf3 dxc4 8. Qxc4 b6 9. Bg5 {[%cal Oe2e4] E36: Nimzo-Indian: Classical: 4...d5 5 a3.} Ba6 10. Qa4 Qd7 11. Qc2 {The position is equal.} c5 12. dxc5 $1 {The main line 12.dxc5 scores better than 12.Bxf6.} bxc5 13. Bxf6 gxf6 {[#]} 14. Nd2 $146 ({Predecessor:} 14. Rd1 Qc7 15. e3 Bxf1 16. Kxf1 Nd7 17. h4 Rfd8 18. Rh3 Ne5 19. Rd4 Rab8 20. Kg1 {½-½ (41) Zilka,S (2580)-Jakubowski,K (2459) Legnica 2021}) 14... Qe7 15. e3 Bxf1 {Weighted Error Value: White=0.01 (flawless) /Black=0.02 (flawless)} 1/2-1/2

[Event "6th Vergani Cup January 2022"]
[Site "Cattolica"]
[Date "2022.01.05"]
[Round "5.10"]
[White "Soumya, Swaminathan"]
[Black "Kozul, Zdenko"]
[Result "1/2-1/2"]
[WhiteElo "2351"]
[BlackElo "2625"]
[Annotator "TA"]
[PlyCount "97"]
[EventDate "2022.01.02"]
[EventType "swiss"]
[EventCountry "ITA"]
[SourceTitle "playchess.com"]
[Source "ChessBase"]
[SourceQuality "1"]

{[%evp 17,97,50,52,43,45,16,39,27,45,37,32,31,24,19,47,-36,-53,-53,-31,-77,-100,-60,-41,-50,-52,-79,-87,-73,-78,-145,-20,-12,-8,-18,-3,-3,0,0,0,0,0,0,-6,-52,-53,-77,-55,-238,-258,-266,-250,-241,-257,-223,0,0,0,0,0,0,0,0,0,0,0,0,0,0,0,0,0,0,0,0,0,0,0,0,0,0,0,0]} 1. d4 Nf6 2. c4 g6 3. Nf3 Bg7 4. Nc3 O-O 5. e4 d6 6. Be2 e5 7. d5 a5 8. Bg5 Na6 9. Nd2 Qe8 10. Rb1 {E92: King's Indian: Classical: 6 Be2 e5: 7 dxe5, 7 Be3 and Petrosian System without 7...Nbd7.} Bd7 {[#]} 11. Be3 $146 ({Predecessor:} 11. O-O h5 12. b3 Nh7 13. Be3 Bf6 14. f3 Bg5 15. Bf2 Qe7 16. a3 Nc5 17. Qc2 h4 {0-1 (57) Nevednichy,V (2555)-Vajda,L (2576) Curtea de Arges 2002}) 11... h5 12. h3 {White is slightly better.} Nh7 13. g4 hxg4 14. hxg4 Qe7 {Inhibits g5.} 15. a3 Bf6 16. b4 ({White should play} 16. Qc1 $1 $14) 16... axb4 $15 17. axb4 Bg5 18. Nf1 (18. b5 $15 Nc5 19. Bxc5 dxc5 20. b6) 18... Bxe3 19. Nxe3 Ng5 20. Kd2 Kg7 21. Qg1 $1 Qf6 22. Qg3 Rh8 23. f3 ({Better is} 23. Nc2) 23... c5 (23... Rxh1 $1 $17 24. Rxh1 Nxb4) 24. b5 $11 Nb4 25. Nc2 Nxc2 26. Kxc2 Qf4 $36 {[%mdl 2048] Black has the initiative.} 27. Qxf4 exf4 28. Rbf1 Kf6 29. Kd3 Ke5 30. Nb1 (30. Ra1 $11) 30... f5 $1 $15 31. exf5 gxf5 {Strongly threatening ...Rxh1.} 32. Rxh8 ({White must play} 32. Rh5 $15 Kf6 33. Nc3) 32... Rxh8 $19 33. gxf5 Bxf5+ 34. Kc3 Bxb1 35. Rxb1 {[%mdl 4096] Endgame [#] KRB-KRN} Rh2 $2 (35... Ra8 $1 $19 {[%cal Ra8a3] Threatens to win with ...Ra3+.} 36. Kb3 Kd4) 36. Re1 $11 {The position is equal.} Kf6 37. Bd1 Rh3 38. Re8 Nxf3 39. Re6+ Kf5 {White must now prevent ...Ng5+.} 40. Bxf3 ({But not} 40. Bc2+ $2 Kg5 41. Rg6+ Kh5 $19) 40... Rxf3+ {KR-KR} 41. Kd2 Rb3 42. Rxd6 Ke5 43. Re6+ Kd4 44. d6 Rd3+ (44... Kxc4 $2 45. Re4+ Kd5 {[#]} 46. d7 $1 {[%mdl 512]} Kxe4 47. d8=Q $18) 45. Kc2 Rc3+ (45... Kxc4 46. Re4+ Kxb5 47. Kxd3 Kc6 48. d7 Kxd7 49. Kc4 f3 50. Kxc5) 46. Kb2 Rd3 (46... Rxc4 $2 47. d7 Rb4+ 48. Ka3 $18) 47. Kc2 Rc3+ (47... Kxc4 48. Re4+ Kxb5 49. Kxd3 $18) 48. Kb2 Rd3 {aiming for ...f3.} (48... Rxc4 $2 49. d7 Rb4+ 50. Ka3 $18) 49. Kc2 {Weighted Error Value: White=0.16 (very precise) /Black=0.13 (very precise)} 1/2-1/2

[Event "6th Vergani Cup January 2022"]
[Site "Cattolica"]
[Date "2022.01.06"]
[Round "6.1"]
[White "Bernadskiy, Vitaliy"]
[Black "Tabatabaei, M. Amin"]
[Result "0-1"]
[WhiteElo "2599"]
[BlackElo "2643"]
[Annotator "TA"]
[PlyCount "66"]
[EventDate "2022.01.02"]
[EventType "swiss"]
[EventCountry "ITA"]
[SourceTitle "playchess.com"]
[Source "ChessBase"]
[SourceQuality "1"]

{[%evp 9,66,-34,-7,-50,-53,-43,-31,-42,-34,-45,-29,-43,-29,-35,-30,-33,-33,-68,-27,-49,-41,-61,-15,-64,-66,-53,-67,-114,-125,-108,-117,-127,-120,-126,-127,-133,-122,-145,-140,-152,-104,-442,-431,-417,-404,-392,-391,-481,-473,-1058,-1006,-29988,-29989,-29989,-29990,-29990,-29991,-29994,-29995]} 1. a4 e5 {[%cal Be7e5,Be5e4][%mdl 32]} 2. e3 d5 3. d4 Nc6 4. Bb5 {[#]} e4 $146 ({Predecessor:} 4... exd4 5. Qxd4 Nf6 6. c4 Bb4+ 7. Nc3 O-O 8. Bxc6 bxc6 9. cxd5 Bxc3+ 10. Qxc3 cxd5 {1-0 (36) Ronka,E (2303)-Lagunov,E (2201) Chess.com INT 2021}) 5. b3 h5 {[%cal Bh7h5,Bh5h4][%mdl 32]} 6. Ba3 {A00: Irregular Openings.} (6. Ne2 $11) 6... Bxa3 7. Nxa3 h4 8. h3 {Black is slightly better.} Qg5 9. Bf1 a6 10. Qd2 Nf6 11. Ne2 O-O 12. Nb1 a5 13. Nbc3 Bd7 (13... Ne7 $15 {deserves consideration.}) 14. O-O-O Nb4 15. Kb2 Qf5 {Black is much more active.} (15... Rfc8 $15 {might be stronger.}) 16. Nc1 (16. g4 $11 hxg3 17. fxg3) 16... Rfc8 $15 17. N1a2 c5 18. dxc5 (18. g4 $15 hxg3 19. fxg3) 18... Nxa2 $1 $17 ({Resist} 18... Rxc5 19. Nxb4 axb4 20. Na2 $11) 19. Kxa2 {[%cal Rc3d5]} Rxc5 20. Nb5 Bxb5 21. Bxb5 Rac8 22. Rc1 {[#]} d4 $1 23. Kb1 Nd5 $36 {[%mdl 2048] Black is in control.} 24. exd4 {[#]} Rc3 (24... Nc3+ $142 $1 25. Ka1 Qd5) 25. Kb2 $2 {[%mdl 8192] White does not recover from this.} (25. Rhe1 $17 {was the crucial defense.}) 25... Nb4 $19 {Strongly threatening ...Rxc2+.} 26. Bc4 R3xc4 27. bxc4 Rxc4 {[%cal Bc8c4,Bc4d4,Bd4d3][%mdl 32]} 28. f3 Qd7 29. Kb3 ({Much weaker is} 29. Qe2 Qxd4+ 30. c3 Nd3+ 31. Kb3 Qd5) (29. Ra1 $142 Rxc2+ 30. Qxc2 Nxc2 31. Kxc2) 29... Rxd4 30. Qg5 Nd5 {Black mates.} 31. c4 Rd3+ 32. Kb2 Nb4 33. Qe5 Qxa4 {Weighted Error Value: White=0.78/Black=0.05 (flawless)} 0-1

[Event "6th Vergani Cup January 2022"]
[Site "Cattolica"]
[Date "2022.01.06"]
[Round "6.2"]
[White "Alsina Leal, Daniel"]
[Black "Korobov, Anton"]
[Result "1/2-1/2"]
[WhiteElo "2497"]
[BlackElo "2699"]
[Annotator "TA"]
[PlyCount "46"]
[EventDate "2022.01.02"]
[EventType "swiss"]
[EventCountry "ITA"]
[SourceTitle "playchess.com"]
[Source "ChessBase"]
[SourceQuality "1"]

{[%evp 13,46,6,11,-1,14,25,18,16,27,16,20,30,97,53,52,63,60,22,33,22,25,34,26,0,0,0,0,0,0,0,0,0,0,0,0]} 1. e4 c5 2. Nf3 d6 3. d4 cxd4 4. Nxd4 Nf6 5. Nc3 a6 6. Bg5 Nbd7 7. f4 Qc7 8. Qf3 {B94: Sicilian Najdorf: 6 Bg5 Nbd7.} h6 {8...b5 is more fashionable.} 9. Bxf6 Nxf6 10. f5 Qc5 11. O-O-O g5 $1 12. fxg6 {[%cal Oe4e5] Threatens to win with e5!} fxg6 $5 {[%mdl 4] [#] A promising side line.} (12... Bg4 $11 13. Qd3 (13. gxf7+ Kxf7 14. Qd3 Bxd1 $11) 13... Bxd1 14. gxf7+ Kxf7 15. Nxd1 Qe5) 13. Nd5 {White is more active.} (13. e5 $1 $16 {[%cal Re5f6]} Qxe5 14. Bc4) 13... Nxd5 $14 14. exd5 {[%cal Of1d3]} Bg7 {[#]} 15. c3 $146 {[%cal Of1d3] With the idea Bd3!} (15. Nb3 $5 {[%cal Rb3c5]} Qb4 16. Bd3 $14) ({Predecessor:} 15. Nb3 Qb4 16. Bd3 g5 17. Bg6+ Kd8 18. Qf7 Qf4+ 19. Qxf4 gxf4 20. Nd4 Be5 21. Bf7 {½-½ (54) Brekhov,D (1952)-Izbosarov,M (1921) Saratov 2011}) 15... Rf8 16. Qe4 Bf5 17. Nxf5 gxf5 18. Qe6 Bxc3 $1 {The position is equal.} 19. bxc3 Qxc3+ 20. Kb1 {[#] Strongly threatening Rd3.} Qb4+ 21. Ka1 {Black must now prevent Qe3.} Qc3+ 22. Kb1 Qb4+ 23. Ka1 {And now Qe3 would win.} Qc3+ {Weighted Error Value: White=0.12 (very precise) /Black=0.08 (flawless)} 1/2-1/2

[Event "6th Vergani Cup January 2022"]
[Site "Cattolica"]
[Date "2022.01.06"]
[Round "6.3"]
[White "Lagarde, Maxime"]
[Black "Kotronias, Vasilios"]
[Result "1/2-1/2"]
[WhiteElo "2638"]
[BlackElo "2492"]
[Annotator "TA"]
[PlyCount "101"]
[EventDate "2022.01.02"]
[EventType "swiss"]
[EventCountry "ITA"]
[SourceTitle "playchess.com"]
[Source "ChessBase"]
[SourceQuality "1"]

{[%evp 9,101,11,20,0,26,26,25,41,34,31,43,33,41,27,21,18,11,-31,-8,-13,-26,-53,-36,-29,47,37,41,51,50,55,30,64,86,82,89,79,94,97,100,75,112,123,113,119,120,100,150,141,151,121,135,137,174,150,162,160,168,166,170,90,87,-25,-27,-43,-8,-36,-8,-8,-8,-8,-8,-8,-8,-8,-8,-8,-8,-8,-8,-8,-8,-8,-8,-14,-14,-29,0,-16,-8,-8,-8,-9,0,-8]} 1. e4 d5 2. exd5 Qxd5 3. Nc3 Qd6 4. d4 Nf6 5. Bd3 Nc6 6. Nge2 {B01: Scandinavian Defence.} Bg4 (6... Nxd4 $2 7. Nxd4 c6 8. Nf3 $18) 7. f3 Bh5 8. Nb5 {White has an edge.} Qd7 9. Bf4 Rc8 10. Qd2 e6 11. g4 Bg6 12. Bxg6 hxg6 13. c4 {[#]} (13. O-O-O $11) 13... a6 $146 (13... Bb4 $5 14. Nbc3 Na5 $15) ({Predecessor:} 13... Bb4 14. Nbc3 Na5 15. b3 b5 16. c5 Nd5 17. O-O O-O 18. Rad1 Nc6 19. Be3 Rcd8 {0-1 (50) Marinkovic,I (2444)-Milanovic,D (2514) Zlatibor 2006}) 14. Nbc3 b5 15. d5 {[%cal Bd4d5,Bd5e6][%mdl 32]} Na5 16. cxb5 axb5 (16... Nc4 $11 17. Qd4 axb5) 17. dxe6 $14 Qxd2+ 18. Bxd2 b4 {[#]} 19. g5 $1 $36 {[%mdl 2048] White fights for an advantage.} bxc3 20. Bxc3 Nd5 {Hoping for ...Nc4.} 21. exf7+ ({Reject} 21. Bxa5 $6 fxe6 22. Bd2 Bd6 $11) 21... Kxf7 22. Bxa5 Ra8 23. Bd2 Bd6 24. Nc3 Rhe8+ 25. Kd1 Ne3+ 26. Kc1 Nc4 27. Kc2 Be5 (27... Reb8 $142 28. b3 Nxd2) 28. f4 $16 Bd4 29. Rhe1 Reb8 30. Bc1 Rh8 31. Re2 {Strongly threatening Kd3.} Rh3 {[%cal Oc4a3] [#]} 32. a4 $1 Bxc3 33. bxc3 Ra6 34. Kb3 ({Better is} 34. Bd2 $18) 34... Na5+ {[#]} 35. Kb4 ({White should play} 35. Kb2 $1 $16) 35... Rb6+ $11 36. Ka3 $1 (36. Kxa5 {gets mated.} Rh8) 36... Rxc3+ 37. Ka2 Rc4 (37... Nc4 $5 {[%cal Rc3b3]} 38. Rb1 Ra6 $15) 38. Bb2 $1 Rxa4+ 39. Kb1 Rxa1+ 40. Kxa1 {[%mdl 4096] Endgame KRB-KRN} Nc4 41. Bd4 Rd6 42. Bc3 Rd3 43. Bb4 Ne3 44. Kb2 c6 45. h4 Nf5 46. Rc2 Rd4 47. Ka3 Rd3+ 48. Ka4 {The position is equal.} Nd4 49. Rc4 Ke6 50. Bf8 Kf7 51. Bb4 {White really could win this.  Weighted Error Value: White=0.13 (very precise) /Black=0.11 (very precise)} 1/2-1/2

[Event "6th Vergani Cup January 2022"]
[Site "Cattolica"]
[Date "2022.01.06"]
[Round "6.4"]
[White "Lodici, Lorenzo"]
[Black "Thybo, Jesper Sondergaard"]
[Result "1/2-1/2"]
[WhiteElo "2524"]
[BlackElo "2590"]
[Annotator "TA"]
[PlyCount "78"]
[EventDate "2022.01.02"]
[EventType "swiss"]
[EventCountry "ITA"]
[SourceTitle "playchess.com"]
[Source "ChessBase"]
[SourceQuality "1"]

{[%evp 16,78,-39,-49,-23,-37,-24,-47,0,0,0,0,-7,-93,-104,-116,-148,-144,-61,-65,-44,-114,-18,-17,-16,-23,52,74,308,310,339,319,303,35,26,25,25,28,30,31,33,37,36,28,34,38,33,0,0,0,12,0,0,-8,-8,-8,0,0,0,0,0,0,0,0,0]} 1. d4 Nf6 2. c4 e6 3. Nc3 Bb4 4. f3 c5 5. a3 Bxc3+ 6. bxc3 d6 7. e4 Nc6 8. Be3 b6 9. Bd3 Na5 {E24: Nimzo-Indian: Sämisch: Unusual Black 5th moves and 5...c5 sidelines.} 10. Nh3 Ba6 11. Qe2 Qd7 {Black is slightly better.} 12. e5 dxe5 13. dxe5 Ng8 {[#]} 14. Ng5 $146 (14. Nf2 $11 {keeps the balance.}) ({Predecessor:} 14. O-O Ne7 15. Rad1 Qc7 16. Bg5 O-O-O 17. Nf2 Rd7 18. Bxe7 Rxe7 19. f4 Kb8 20. Ne4 {½-½ (63) Spassky,B (2625)-Huebner,R (2620) Bugojno 1982}) 14... Rd8 $17 15. Bc2 Bxc4 16. Qf2 {[#]} Ne7 (16... Qc7 $1 $17 {[%cal Rc7e5]} 17. Qg3 Ne7) 17. Ne4 $15 Qc7 (17... Qd5 $5 {[%cal Rd5e5]} 18. Nd6+ Kf8 $15) 18. Bf4 (18. Nd6+ $15 Rxd6 19. exd6 Qxd6 20. Qg3 Qxg3+ 21. hxg3) 18... Ng6 {Pair of Knights!} (18... Kf8 $17 {Threatens to win with ...Ng6.} 19. Nd6 Nd5) 19. Nd6+ $11 Kf8 20. Bg3 Ba6 (20... Kg8 $11) 21. O-O-O $1 $14 c4 $2 {[#]} (21... h5 $16 {might work better.}) 22. f4 $1 $18 {Strongly threatening f5.} Qc5 23. Qxc5 bxc5 24. Nxc4 $2 Rxd1+ $14 25. Rxd1 Bxc4 (25... Nxc4 26. Bxg6 Ke7 27. Bd3 $16) 26. Bxg6 Nb3+ 27. Kb2 {Black must now prevent Bd3.} Ke7 28. Bh4+ f6 29. Be4 Rb8 {Hoping for ...Nd2+.} 30. Kc2 {To avoid Nd2} (30. Bxh7 $2 Na5+ 31. Kc1 Rh8 32. exf6+ gxf6 33. Bxf6+ Kxf6 $19) 30... Bb5 31. Re1 ({But not} 31. Bxh7 Na5 32. Rd3 Bxd3+ 33. Bxd3 Rh8 $15) 31... c4 {The position is equal.} 32. f5 ({Not} 32. Bxh7 $2 Rh8 33. f5 (33. exf6+ $2 gxf6 34. f5 Bd7 $19) 33... Bd7 $19) 32... Nc5 33. exf6+ gxf6 34. fxe6 Ba4+ 35. Kc1 Nb3+ 36. Kb2 Nd2+ 37. Kc1 Nb3+ 38. Kb2 Nc5+ 39. Kc1 Nb3+ {Weighted Error Value: White=0.24 (precise) /Black=0.30} 1/2-1/2